Juhász Gyula Pozsonyban

Elmentve itt :
Bibliográfiai részletek
Szerző: Madácsy László
Dokumentumtípus: Cikk
Megjelent: 1947
Sorozat:Tiszatáj 1 No. 1
Kulcsszavak:Magyar irodalom - költészet - 19. sz. - életmű - életrajz, Juhász Gyula
Online Access:http://tiszataj.bibl.u-szeged.hu/1007
LEADER 00626nab a2200181 i 4500
001 tisza1007
005 20200330114331.0
008 161014s1947 hu o 0|| hun d
022 |a 0133-1167 
040 |a SZTE Tiszatáj Archívum  |b hun 
041 |a hun 
100 1 |a Madácsy László 
245 1 0 |a Juhász Gyula Pozsonyban  |h [elektronikus dokumentum] /  |c  Madácsy László 
260 |c 1947 
300 |a 12-16 
490 0 |a Tiszatáj  |v 1 No. 1 
695 |a Magyar irodalom - költészet - 19. sz. - életmű - életrajz, Juhász Gyula 
856 4 0 |u http://tiszataj.bibl.u-szeged.hu/1007/1/tiszataj_1947_001_012-016.pdf  |z Dokumentum-elérés